Pākistān ke siyāsī vaḍere / (Record no. 524533)

000 -LEADER
fixed length control field 01726cam a2200445 i 4500
001 - CONTROL NUMBER
control field 17495797
003 - CONTROL NUMBER IDENTIFIER
control field NUST
005 - DATE AND TIME OF LATEST TRANSACTION
control field 20190622082816.0
008 - FIXED-LENGTH DATA ELEMENTS--GENERAL INFORMATION
fixed length control field 121016s2011 pk b 001 0 urdo
010 ## - LIBRARY OF CONGRESS CONTROL NUMBER
LC control number 2012430773
020 ## - INTERNATIONAL STANDARD BOOK NUMBER
International Standard Book Number 9789699454059
025 ## - OVERSEAS ACQUISITION NUMBER
Overseas acquisition number P-U-2012430773; 29
038 ## - RECORD CONTENT LICENSOR
Staff Name Waseem
040 ## - CATALOGING SOURCE
Original cataloging agency DLC
Language of cataloging eng
Description conventions rda
Transcribing agency DLC
042 ## - AUTHENTICATION CODE
Authentication code lcode
-- pcc
043 ## - GEOGRAPHIC AREA CODE
Geographic area code a-pk---
050 00 - LIBRARY OF CONGRESS CALL NUMBER
Classification number DS384
Item number .J26 2011
066 ## - CHARACTER SETS PRESENT
Alternate G0 or G1 character set (3
-- (4
082 ## - DEWEY DECIMAL CLASSIFICATION NUMBER
Classification number 320.9547
Author Mark JAF
100 1# - MAIN ENTRY--PERSONAL NAME
Linkage 880-01
Personal name Jaʻfarī, ʻAqīl ʻAbbās.
9 (RLIN) 15340
245 10 - TITLE STATEMENT
Linkage 880-02
Title Pākistān ke siyāsī vaḍere /
Statement of responsibility, etc. ʻAqīl ʻAbbās Jaʻfarī.
250 ## - EDITION STATEMENT
Linkage 880-03
Edition statement Mukammal iz̤āfah aur naẓar-i s̲ānī shudah aiḍīshan.
264 #1 - PRODUCTION, PUBLICATION, DISTRIBUTION, MANUFACTURE, AND COPYRIGHT NOTICE
Linkage 880-04
Place of production, publication, distribution, manufacture Karācī :
Name of producer, publisher, distributor, manufacturer Virs̲ah,
Date of production, publication, distribution, manufacture, or copyright notice 2011.
300 ## - PHYSICAL DESCRIPTION
Extent 743 pages ;
Dimensions 25 cm
336 ## - CONTENT TYPE
Content type term text
Source rdacontent
337 ## - MEDIA TYPE
Media type term unmediated
Source rdamedia
338 ## - CARRIER TYPE
Carrier type term volume
Source rdacarrier
504 ## - BIBLIOGRAPHY, ETC. NOTE
Bibliography, etc. note Includes bibliographical references and index.
520 ## - SUMMARY, ETC.
Summary, etc. On the role of feudal families of Pakistan as king-makers in Pakistani politics; includes a historical study of such families.
546 ## - LANGUAGE NOTE
Language note In Urdu.
651 #0 - SUBJECT ADDED ENTRY--GEOGRAPHIC NAME
Geographic name Pakistan
General subdivision Politics and government.
9 (RLIN) 206
651 #0 - SUBJECT ADDED ENTRY--GEOGRAPHIC NAME
Geographic name Pakistan
Form subdivision Genealogy.
9 (RLIN) 15341
880 1# - ALTERNATE GRAPHIC REPRESENTATION
Linkage 100-01/(3/r‏
Title ‏جعفرى، عقيل عبّاس.
880 10 - ALTERNATE GRAPHIC REPRESENTATION
Linkage 245-02/(4/r‏
Title ‏پاکستان کے سياسى وڈيرے /‏
c ‏عقيل عبّاس جعفرى.
880 ## - ALTERNATE GRAPHIC REPRESENTATION
Linkage 250-03/(3/r‏
Title ‏مکمل اضافه اور نظر ثانى شده ايڈيشن.
880 #1 - ALTERNATE GRAPHIC REPRESENTATION
Linkage 264-04/(4/r‏
Title ‏کراچى :‏
b ‏ورثه،‏
c ‏2011.
906 ## - LOCAL DATA ELEMENT F, LDF (RLIN)
a 7
b cbc
c origode
d 3
e ncip
f 20
g y-nonroman
942 ## - ADDED ENTRY ELEMENTS (KOHA)
Source of classification or shelving scheme
Koha item type Book
Holdings
Withdrawn status Lost status Source of classification or shelving scheme Damaged status Not for loan Permanent Location Current Location Shelving location Date acquired Total Checkouts Full call number Barcode Date last seen Price effective from Koha item type
          Central Library (CL) Central Library (CL) Urdu Literature 06/22/2019   320.9547 JAF CL-E-2133 06/22/2019 06/22/2019 Book
© 2023 Central Library, National University of Sciences and Technology. All Rights Reserved.